Kvantitatívny manažment

Salvato in:
Dettagli Bibliografici
Autore principale: Goga, Marián
Natura: Libro
Lingua:slovacco
Pubblicazione: Bratislava IURA EDITION 2000
Serie:Ekonómia
Soggetti:
Tags: Aggiungi Tag
Nessun Tag, puoi essere il primo ad aggiungerne!!

MARC

LEADER 00000nam a2200000 4500
001 c123269
005 20221123133007.2
020 |a 80-88715-85-7 
041 0 |a slo 
044 |a SK 
245 1 0 |a Kvantitatívny manažment  |c Marián Goga 
264 1 |a Bratislava  |b IURA EDITION  |c 2000 
300 |a 132 s. 
490 1 |a Ekonómia 
830 0 |a Ekonómia 
610 2 0 |a manažment 
610 2 0 |a manažéri 
610 2 0 |a metódy organizácie 
610 2 0 |a metódy riadenia 
610 2 0 |a metódy rozhodovania 
610 2 0 |a analýza operačná 
610 2 0 |a rozhodovanie za rizika 
610 2 0 |a rozhodovanie 
610 2 0 |a procesy rozhodovacie 
100 1 |a Goga, Marián